[Event "North American-ch U20"]
[Site "Kitchener CAN"]
[Date "2014.07.31"]
[Round "2.17"]
[White "Giblon, Rebecca"]
[Black "Li, Yinshi"]
[Result "0-1"]
[WhiteElo "1740"]
[BlackElo "1928"]
[PlyCount "76"]
[EventDate "2014.07.31"]
[EventType "swiss"]
[EventRounds "9"]
[EventCountry "CAN"]

1. e4 e6 2. d4 d5 3. Bd3 Nf6 4. e5 Nfd7 5. f4 c5 6. c3 Nc6 7. Nf3 Qb6 8. Bc2
cxd4 9. cxd4 Bb4+ 10. Nc3 f6 11. O-O O-O 12. Qd3 g6 13. Kh1 Be7 14. a3 Qd8 15.
g4 Nb6 16. Ne2 Bd7 17. Ng3 f5 18. gxf5 exf5 19. Rg1 Rc8 20. Ne2 Na5 21. Ng5
Bxg5 22. Rxg5 Ba4 23. Bxa4 Nxa4 24. Qb5 Rc4 25. Bd2 Nc6 26. Qxb7 Nxd4 27. Nxd4
Rxd4 28. Rag1 Qb6 29. Qxb6 axb6 30. Bb4 Nc5 31. Rf1 Rc8 32. Bc3 Re4 33. Rg3 Ne6
34. Rgf3 Rcc4 35. Bd2 Rc2 36. Bc3 d4 37. Bb4 Ree2 38. Rh3 Nxf4 0-1

[Event "North American-ch U20"]
[Site "Kitchener CAN"]
[Date "2014.07.31"]
[Round "2.21"]
[White "Tan, Kylie"]
[Black "Nasir, Pi"]
[Result "0-1"]
[WhiteElo "1284"]
[BlackElo "1854"]
[PlyCount "74"]
[EventDate "2014.07.31"]
[EventType "swiss"]
[EventRounds "9"]
[EventCountry "CAN"]

1. e4 e6 2. d3 b6 3. Nf3 Bb7 4. Nbd2 d6 5. g3 g6 6. Bg2 Bg7 7. O-O Ne7 8. Rb1
O-O 9. Re1 e5 10. a3 Nd7 11. Nc4 h6 12. Bd2 Rb8 13. Qc1 Kh7 14. Ne3 f5 15. exf5
gxf5 16. Nf1 Ng6 17. h4 Nf6 18. N1h2 f4 19. Rf1 fxg3 20. fxg3 Nh5 21. Qe1 Rg8
22. Ng4 Qd7 23. Ngh2 c5 24. Bc3 Rbe8 25. Nd2 Bxg2 26. Kxg2 d5 27. b3 e4 28.
Bxg7 Qxg7 29. dxe4 Nxh4+ 30. Kg1 Nxg3 31. Rf2 Nxe4+ 32. Kh1 Ng3+ 33. Kg1 Rxe1+
34. Rxe1 Ne4+ 35. Kf1 Qg1+ 36. Ke2 Qxf2+ 37. Kd3 Qxd2# 0-1

[Event "North American-ch U20"]
[Site "Kitchener CAN"]
[Date "2014.08.01"]
[Round "3.1"]
[White "Chandra, Akshat"]
[Black "Cao, Jason"]
[Result "1-0"]
[WhiteElo "2442"]
[BlackElo "2177"]
[PlyCount "71"]
[EventDate "2014.07.31"]
[EventType "swiss"]
[EventRounds "9"]
[EventCountry "CAN"]

1. e4 c5 2. Nf3 d6 3. d4 cxd4 4. Nxd4 Nf6 5. Nc3 a6 6. Be3 e5 7. Nb3 Be7 8. h3
Be6 9. f4 exf4 10. Bxf4 Nc6 11. Qe2 O-O 12. O-O-O Bxb3 13. cxb3 Re8 14. Kb1 b5
15. g4 b4 16. Na4 Bf8 17. Bg2 Ne5 18. g5 Nfd7 19. Qf2 Rc8 20. h4 Qa5 21. Bh3
Rc7 22. Be3 Qb5 23. Rhf1 Nc5 24. Nxc5 dxc5 25. Rd5 Qb7 26. Bf4 Rce7 27. Bxe5
Rxe5 28. Bd7 R8e7 29. Rxe5 Rxd7 30. Qc2 g6 31. Rd1 Rxd1+ 32. Qxd1 Qc7 33. Re8
Qf4 34. a4 bxa3 35. Qd8 Qf1+ 36. Ka2 1-0

[Event "North American-ch U20"]
[Site "Kitchener CAN"]
[Date "2014.08.01"]
[Round "3.3"]
[White "Liao, Simone"]
[Black "Sapozhnikov, Roman"]
[Result "1/2-1/2"]
[WhiteElo "2027"]
[BlackElo "2299"]
[PlyCount "155"]
[EventDate "2014.07.31"]
[EventType "swiss"]
[EventRounds "9"]
[EventCountry "CAN"]

1. e4 c5 2. Nc3 a6 3. f4 e6 4. Nf3 b5 5. d3 Bb7 6. g4 Ne7 7. Bg2 d5 8. O-O b4
9. Ne2 Nbc6 10. Ng3 dxe4 11. dxe4 Qxd1 12. Rxd1 e5 13. Nf5 Ng6 14. fxe5 Ncxe5
15. Nxe5 Nxe5 16. h3 g6 17. Nd6+ Bxd6 18. Rxd6 Nc4 19. Rd1 Ke7 20. b3 Na3 21.
e5 Rhb8 22. Be3 Bxg2 23. Bxc5+ Ke8 24. Kxg2 Rb5 25. Bf2 Rc8 26. Rd2 Nxc2 27.
Rad1 Rxe5 28. Kg1 Na3 29. Bg3 Re6 30. Bh4 f6 31. Rd7 Re7 32. R7d6 g5 33. Bf2
Kf7 34. Rxa6 Nb5 35. Rb6 Nc3 36. Rdd6 Ne4 37. Rdc6 Rd8 38. Rc2 Rd3 39. Kg2 Nc3
40. Rxb4 Nd5 41. Rd4 Nf4+ 42. Rxf4 gxf4 43. Rc4 f3+ 44. Kg3 Re2 45. Rf4 Ke6 46.
b4 Rxa2 47. b5 Rb3 48. b6 Raa3 49. Rf5 Rd3 50. Kf4 Rab3 51. Kg3 Rdc3 52. Bd4
f2+ 53. Bxc3 Rxc3+ 54. Kxf2 Rb3 55. Rh5 Rxb6 56. Rxh7 Rb3 57. Rh5 Kf7 58. Kg2
Kg6 59. Rf5 Ra3 60. h4 Ra4 61. Kg3 Ra3+ 62. Rf3 Ra5 63. Rb3 Rc5 64. Kf3 Ra5 65.
Re3 Ra1 66. Kf4 Rf1+ 67. Rf3 Re1 68. h5+ Kg7 69. Rf2 Ra1 70. Kg3 Rg1+ 71. Rg2
Rf1 72. Rf2 Rg1+ 73. Kf4 Ra1 74. Re2 Rf1+ 75. Ke4 Kh6 76. Re3 Kg5 77. Rf3 Rxf3
78. Kxf3 1/2-1/2

[Event "North American-ch U20"]
[Site "Kitchener CAN"]
[Date "2014.08.01"]
[Round "3.4"]
[White "Calugar, Arthur"]
[Black "Kats, Alena"]
[Result "1/2-1/2"]
[WhiteElo "2295"]
[BlackElo "2126"]
[PlyCount "29"]
[EventDate "2014.07.31"]
[EventType "swiss"]
[EventRounds "9"]
[EventCountry "CAN"]

1. e4 c5 2. Nf3 d6 3. d4 cxd4 4. Nxd4 Nf6 5. Nc3 a6 6. f3 e6 7. Be3 Nc6 8. g4
Be7 9. Qd2 h6 10. O-O-O Nxd4 11. Qxd4 Qc7 12. h4 b5 13. Bh3 e5 14. Qd2 b4 15.
Ne2 1/2-1/2

[Event "North American-ch U20"]
[Site "Kitchener CAN"]
[Date "2014.08.01"]
[Round "3.5"]
[White "Virkud, Apurva"]
[Black "Bora, Safal"]
[Result "0-1"]
[WhiteElo "1954"]
[BlackElo "2244"]
[PlyCount "48"]
[EventDate "2014.07.31"]
[EventType "swiss"]
[EventRounds "9"]
[EventCountry "CAN"]

1. d4 Nf6 2. c4 g6 3. Nc3 d5 4. e3 Bg7 5. Qb3 e6 6. Nf3 O-O 7. Bd2 b6 8. cxd5
exd5 9. Bd3 c5 10. dxc5 bxc5 11. Be2 d4 12. Na4 Ne4 13. Rd1 Be6 14. Qa3 Nd7 15.
O-O Nxd2 16. Rxd2 dxe3 17. Qxe3 Qa5 18. Qa3 Ne5 19. Rc2 Nxf3+ 20. Bxf3 Rac8 21.
g3 Bd4 22. Be4 Bd7 23. b3 Bb5 24. Rd1 Rfe8 0-1

[Event "North American-ch U20"]
[Site "Kitchener CAN"]
[Date "2014.08.01"]
[Round "3.8"]
[White "Li, Yinshi"]
[Black "Kleinman, Michael"]
[Result "0-1"]
[WhiteElo "1928"]
[BlackElo "2278"]
[PlyCount "84"]
[EventDate "2014.07.31"]
[EventType "swiss"]
[EventRounds "9"]
[EventCountry "CAN"]

1. d4 Nf6 2. c4 g6 3. Nc3 d5 4. cxd5 Nxd5 5. g3 Bg7 6. Bg2 Nxc3 7. bxc3 c5 8.
e3 Qa5 9. Ne2 cxd4 10. exd4 O-O 11. O-O Nc6 12. Qb3 Rd8 13. Ba3 Qa6 14. Nf4 Na5
15. Qc2 Bf5 16. Qa4 Bd7 17. Qc2 e6 18. Nd3 Qc4 19. Qd2 Rac8 20. Rfc1 Qc7 21.
Be7 Re8 22. Bg5 Nc4 23. Qe2 Bc6 24. Nc5 Bd5 25. Rab1 b6 26. Ne4 Qc6 27. f4 Nd6
28. Nf6+ Bxf6 29. Bxf6 Bxg2 30. Qxg2 Qxg2+ 31. Kxg2 Ne4 32. Bh4 Nxc3 33. Rb2
Nd5 34. Rxc8 Rxc8 35. h3 f6 36. g4 Nxf4+ 37. Kf3 g5 38. Be1 Rc4 39. Ke4 Kf7 40.
Ke3 h6 41. h4 Rc1 42. Kd2 Rxe1 0-1

[Event "North American-ch U20"]
[Site "Kitchener CAN"]
[Date "2014.08.01"]
[Round "3.10"]
[White "Song, Michael"]
[Black "Song, Terry"]
[Result "1-0"]
[WhiteElo "2252"]
[BlackElo "1931"]
[PlyCount "125"]
[EventDate "2014.07.31"]
[EventType "swiss"]
[EventRounds "9"]
[EventCountry "CAN"]

1. g3 Nf6 2. Bg2 e6 3. c4 c5 4. Nf3 Qc7 5. Nc3 a6 6. O-O b6 7. d4 cxd4 8. Qxd4
d6 9. Ng5 Nc6 10. Qd2 Bb7 11. b3 Be7 12. Bb2 O-O 13. Rac1 Ne5 14. e4 h6 15. Nh3
Rad8 16. Nf4 Qb8 17. h3 b5 18. cxb5 axb5 19. Qe3 Qa8 20. Rfe1 b4 21. Na4 Bc6
22. Nb6 Qb7 23. Nc4 Nxc4 24. Rxc4 d5 25. exd5 Nxd5 26. Nxd5 Bxd5 27. Rg4 Bg5
28. Bxd5 Qxd5 29. Qe2 h5 30. Rxb4 Bh6 31. Rb5 Qa8 32. Bc1 Bxc1 33. Rxc1 h4 34.
Rg5 hxg3 35. Rxg3 Qa5 36. a4 Rd2 37. Qe3 Rfd8 38. Qc3 Qxc3 39. Rgxc3 Kh7 40.
Ra1 Rb2 41. Rf3 Kg6 42. a5 Ra8 43. a6 f5 44. Ra3 Kf6 45. Rc3 Ra7 46. Rc6 Ke7
47. Rb6 Kd7 48. Ra5 Rc2 49. Re5 Rc6 50. Rxc6 Kxc6 51. Rxe6+ Kb5 52. Kg2 Kb4 53.
Rb6+ Kc5 54. Rg6 Kb4 55. Kf3 Kxb3 56. Kf4 Kc4 57. f3 Rf7 58. Rb6 Kd3 59. Rb7
Rf6 60. Rb3+ Ke2 61. Ra3 Rf8 62. a7 Ra8 63. Kxf5 1-0

[Event "North American-ch U20"]
[Site "Kitchener CAN"]
[Date "2014.08.01"]
[Round "3.11"]
[White "Pamatmat, Jarod"]
[Black "Nasir, Zehn"]
[Result "1/2-1/2"]
[WhiteElo "2120"]
[BlackElo "1918"]
[PlyCount "50"]
[EventDate "2014.07.31"]
[EventType "swiss"]
[EventRounds "9"]
[EventCountry "CAN"]

1. d4 Nf6 2. Nf3 c5 3. e3 b6 4. Bd3 Bb7 5. Nbd2 g6 6. O-O Bg7 7. b3 O-O 8. Bb2
d6 9. c4 Nc6 10. d5 Nb4 11. Be2 Re8 12. a3 Na6 13. Rb1 Nc7 14. e4 e5 15. Ne1
Bh6 16. Bf3 Bc8 17. Nd3 Kh8 18. g3 Bh3 19. Re1 Rf8 20. Bg2 Bxg2 21. Kxg2 Kg8
22. f4 exf4 23. gxf4 Nh5 24. Qf3 Qh4 25. Rf1 f6 1/2-1/2

[Event "North American-ch U20"]
[Site "Kitchener CAN"]
[Date "2014.08.01"]
[Round "3.12"]
[White "Zhong, Joey"]
[Black "Fu, James"]
[Result "0-1"]
[WhiteElo "1892"]
[BlackElo "2098"]
[PlyCount "66"]
[EventDate "2014.07.31"]
[EventType "swiss"]
[EventRounds "9"]
[EventCountry "CAN"]

1. e4 e5 2. Nf3 Nc6 3. Bb5 a6 4. Ba4 Nf6 5. O-O Nxe4 6. d4 b5 7. Bb3 Be7 8.
Nxe5 Nxe5 9. dxe5 Bb7 10. Qg4 O-O 11. Nc3 Nxc3 12. Bh6 Bf6 13. exf6 Qxf6 14.
Bg5 Qd4 15. Qf5 Qe4 16. Qh3 Ne2+ 17. Kh1 Nd4 18. Rae1 Qg6 19. Bf4 d6 20. Re7
Rac8 21. Rfe1 a5 22. c4 Nxb3 23. axb3 b4 24. R7e3 Qf6 25. Qg4 h5 26. Qg3 Bc6
27. c5 dxc5 28. Be5 Qg6 29. Qh3 Rce8 30. f4 f6 31. f5 Qg5 32. Bxc7 Rxe3 33.
Rxe3 Bxg2+ 0-1

[Event "North American-ch U20"]
[Site "Kitchener CAN"]
[Date "2014.08.01"]
[Round "3.13"]
[White "Itkin, David"]
[Black "Zhao, Yue Tong (Davy)"]
[Result "1-0"]
[WhiteElo "2096"]
[BlackElo "1910"]
[PlyCount "67"]
[EventDate "2014.07.31"]
[EventType "swiss"]
[EventRounds "9"]
[EventCountry "CAN"]

1. e4 c5 2. Nf3 e6 3. Nc3 a6 4. d4 cxd4 5. Nxd4 Qc7 6. Be2 Nf6 7. O-O Be7 8. a4
d6 9. f4 O-O 10. Bf3 Nbd7 11. Kh1 Rd8 12. Qe1 Rb8 13. Qg3 Re8 14. Be3 b6 15. e5
dxe5 16. fxe5 Qxe5 17. Nc6 Qxe3 18. Nxb8 Nxb8 19. Qxb8 Qc5 20. Rad1 e5 21. Nd5
e4 22. b4 Qc6 23. Nxe7+ Rxe7 24. Rd8+ Re8 25. Rxe8+ Qxe8 26. Re1 h6 27. Qxb6
Qd7 28. Bxe4 Qd2 29. Qe3 Qxb4 30. Bd3 Qxa4 31. Qb6 Qd7 32. h3 Bb7 33. Kh2 Nd5
34. Qxb7 1-0

[Event "North American-ch U20"]
[Site "Kitchener CAN"]
[Date "2014.08.01"]
[Round "3.14"]
[White "Nguyen, Tan"]
[Black "Cormier, Adam"]
[Result "0-1"]
[WhiteElo "1872"]
[BlackElo "2019"]
[PlyCount "66"]
[EventDate "2014.07.31"]
[EventType "swiss"]
[EventRounds "9"]
[EventCountry "CAN"]

1. d4 d5 2. c4 e6 3. Nf3 c6 4. e3 Nf6 5. b3 c5 6. cxd5 exd5 7. Bb2 Nc6 8. Be2
Bd6 9. dxc5 Bxc5 10. O-O O-O 11. Nd4 Ne4 12. Nc3 Nxd4 13. exd4 Nxc3 14. Bxc3
Bd6 15. Bd3 Qg5 16. Qd2 Bf4 17. Qc2 Bh3 18. f3 Rac8 19. g3 Bxg3 20. hxg3 Qxg3+
21. Kh1 Rxc3 22. Bxh7+ Kh8 23. Qh2 Qxh2+ 24. Kxh2 Bxf1 25. Rxf1 Kxh7 26. Kg3
Re8 27. Rh1+ Kg8 28. Kg4 Rd3 29. f4 Rxd4 30. Kg5 Ree4 31. f5 f6+ 32. Kg6 Rg4+
33. Kh5 Rg5# 0-1

[Event "North American-ch U20"]
[Site "Kitchener CAN"]
[Date "2014.08.01"]
[Round "3.15"]
[White "Peng, Jackie"]
[Black "Cai, Jason"]
[Result "1-0"]
[WhiteElo "2015"]
[BlackElo "1850"]
[PlyCount "119"]
[EventDate "2014.07.31"]
[EventType "swiss"]
[EventRounds "9"]
[EventCountry "CAN"]

1. e4 c5 2. Nf3 Nc6 3. d4 cxd4 4. Nxd4 Nf6 5. Nc3 e5 6. Ndb5 d6 7. Bg5 a6 8.
Na3 b5 9. Nd5 Be7 10. Bxf6 Bxf6 11. c4 b4 12. Nc2 a5 13. g3 Bg5 14. Bg2 O-O 15.
h4 Bh6 16. O-O Be6 17. b3 Ra7 18. a3 bxa3 19. Rxa3 f5 20. exf5 Bxf5 21. Nde3
Bxe3 22. Nxe3 Nb4 23. Qd2 Be6 24. Nc2 Nxc2 25. Qxc2 Qb6 26. Be4 g6 27. Kg2 Kh8
28. Qd2 Rff7 29. f3 Rfd7 30. Rfa1 Ra6 31. Qc3 Rda7 32. R3a2 Qc5 33. f4 Kg8 34.
fxe5 dxe5 35. Rd1 Rd6 36. Rxd6 Qxd6 37. Rxa5 Rxa5 38. Qxa5 Qd4 39. Bd5 Qb2+ 40.
Kf1 Bxd5 41. Qxd5+ Kg7 42. c5 Qb1+ 43. Ke2 Qc2+ 44. Ke3 Qc3+ 45. Ke4 Qe1+ 46.
Kd3 Qxg3+ 47. Kc4 Qxh4+ 48. Kb5 Qf4 49. c6 Qf1+ 50. Kb6 Qf6 51. Kb7 Kh6 52. c7
Qe7 53. Kb8 Qb4+ 54. Qb7 Qf8+ 55. c8=Q Qd6+ 56. Qcc7 Qf8+ 57. Ka7 Qa3+ 58. Qa6
Qb2 59. Qac4 Qa3+ 60. Kb6 1-0

[Event "North American-ch U20"]
[Site "Kitchener CAN"]
[Date "2014.08.01"]
[Round "3.16"]
[White "Nasir, Pi"]
[Black "Nguyen, Trung"]
[Result "1-0"]
[WhiteElo "1854"]
[BlackElo "1937"]
[PlyCount "179"]
[EventDate "2014.07.31"]
[EventType "swiss"]
[EventRounds "9"]
[EventCountry "CAN"]

1. b3 d6 2. Bb2 e5 3. d3 Nf6 4. e4 g6 5. f4 exf4 6. Nf3 Bg7 7. Be2 O-O 8. Qc1
Nbd7 9. Qxf4 Nh5 10. Qc1 Bxb2 11. Qxb2 Nf4 12. Bf1 Qf6 13. Qxf6 Nxf6 14. g3 Ne6
15. Nbd2 Ng4 16. Ke2 Bd7 17. h3 Nh6 18. Bg2 Rae8 19. Rae1 f5 20. e5 d5 21. Kd1
Nf7 22. c3 Bc6 23. d4 Rd8 24. Kc2 Rfe8 25. Bf1 Re7 26. Bd3 b6 27. h4 h5 28. Kb2
Nh6 29. Nf1 Ng4 30. Re2 Bb7 31. Ng5 Nh6 32. Nxe6 Rxe6 33. Ne3 Re7 34. Ng2 Kg7
35. Nf4 Ng8 36. Rhe1 Bc8 37. Rf2 Nh6 38. Be2 c6 39. Bf3 Nf7 40. Rd2 Bb7 41. a4
Ree8 42. b4 Nd6 43. Rdd1 Nc4+ 44. Ka1 a6 45. Be2 b5 46. Bxc4 bxc4 47. Kb2 Bc8
48. Kc2 Kf7 49. Ra1 Re7 50. Reb1 Rb7 51. Kd2 Be6 52. b5 axb5 53. axb5 Rdb8 54.
b6 Bc8 55. Ra7 Kg7 56. Ke3 Kh6 57. Rxb7 Bxb7 58. Ne6 Bc8 59. Nc5 Bb7 60. Kf4
Kg7 61. e6 Kg8 62. Ke5 Bc8 63. Kd6 g5 64. hxg5 f4 65. gxf4 h4 66. f5 h3 67. f6
h2 68. e7 Bf5 69. Rh1 Bg6 70. Kc7 Re8 71. Rxh2 Bf5 72. b7 Bg6 73. b8=Q Rxb8 74.
Kxb8 Be8 75. Kc7 Bg6 76. Kd8 Bf7 77. Na6 c5 78. Nxc5 Bg6 79. Ne6 Bf7 80. Nf4
Be8 81. Nxd5 Bf7 82. Ne3 Be8 83. Nxc4 Bf7 84. Ne5 Be8 85. d5 Bf7 86. d6 Be8 87.
Rh8+ Kxh8 88. Kxe8 Kg8 89. f7+ Kh7 90. g6+ 1-0

[Event "North American-ch U20"]
[Site "Kitchener CAN"]
[Date "2014.08.01"]
[Round "3.17"]
[White "Liang, Hairan"]
[Black "Shi, Diwen"]
[Result "1/2-1/2"]
[WhiteElo "1808"]
[BlackElo "1934"]
[PlyCount "126"]
[EventDate "2014.07.31"]
[EventType "swiss"]
[EventRounds "9"]
[EventCountry "CAN"]

1. e4 c5 2. Nf3 d6 3. Bb5+ Bd7 4. Bxd7+ Qxd7 5. O-O Nc6 6. c3 Nf6 7. Re1 e6 8.
d4 d5 9. e5 Ne4 10. Nbd2 Nxd2 11. Bxd2 cxd4 12. cxd4 Be7 13. Be3 Rc8 14. a3 h6
15. Rc1 b6 16. Nd2 O-O 17. Qh5 Kh7 18. Rc3 Rg8 19. Qxf7 Nd8 20. Qh5 Rxc3 21.
bxc3 Bxa3 22. Nf3 Rf8 23. Nh4 Qf7 24. Qe2 Be7 25. Qc2+ g6 26. Nf3 Qf5 27. Qd2
g5 28. Qe2 Nc6 29. Nd2 Kg7 30. c4 Nb4 31. cxd5 exd5 32. Rc1 Rc8 33. Ra1 a5 34.
g4 Qd3 35. Qxd3 Nxd3 36. Nf1 Kg6 37. Ng3 Nb2 38. Nf5 Bf8 39. h4 Nc4 40. hxg5
hxg5 41. Kg2 b5 42. Rh1 a4 43. e6 Kf6 44. e7 Nxe3+ 45. fxe3 Bxe7 46. Rh6+ Kf7
47. Rh7+ Kg6 48. Rxe7 Rc2+ 49. Kf1 a3 50. Ra7 a2 51. Nd6 Rc1+ 52. Ke2 a1=Q 53.
Rxa1 Rxa1 54. Nxb5 Ra2+ 55. Kf3 Kf6 56. Nc3 Ra5 57. Ne2 Ke6 58. Ng3 Ra8 59. Nh5
Rf8+ 60. Ke2 Rf7 61. Ng3 Ke7 62. Nf1 Kd6 63. Nd2 Kc6 1/2-1/2

[Event "North American-ch U20"]
[Site "Kitchener CAN"]
[Date "2014.08.01"]
[Round "3.18"]
[White "Zotkin, Daniel"]
[Black "Chen, Richard"]
[Result "0-1"]
[WhiteElo "1778"]
[BlackElo "1881"]
[PlyCount "72"]
[EventDate "2014.07.31"]
[EventType "swiss"]
[EventRounds "9"]
[EventCountry "CAN"]

1. e4 c5 2. Nf3 Nc6 3. Bb5 Na5 4. c3 a6 5. Ba4 Nf6 6. e5 Nd5 7. d4 cxd4 8. cxd4
e6 9. O-O Be7 10. Nc3 Nxc3 11. bxc3 b5 12. Bc2 Bb7 13. a4 Rc8 14. axb5 axb5 15.
Qd3 Nc4 16. Nd2 Qb6 17. Qg3 g6 18. Nxc4 Rxc4 19. Bb3 Rc8 20. Rd1 Qc6 21. Rd3
Qe4 22. Bh6 Bh4 23. Qf3 Qxf3 24. gxf3 f5 25. d5 exd5 26. Bxd5 Bxd5 27. Rxd5 Ke7
28. Ra7 Rhd8 29. Rd4 g5 30. Bg7 Ra8 31. Bf6+ Ke8 32. Rc7 Ra2 33. Rd6 Bxf2+ 34.
Kf1 Rda8 35. Rdxd7 Bc5 36. Rxh7 Rf2+ 0-1

[Event "North American-ch U20"]
[Site "Kitchener CAN"]
[Date "2014.08.01"]
[Round "3.19"]
[White "Blium, Benjamin"]
[Black "Ming, Wenyang"]
[Result "0-1"]
[WhiteElo "1809"]
[BlackElo "1782"]
[PlyCount "90"]
[EventDate "2014.07.31"]
[EventType "swiss"]
[EventRounds "9"]
[EventCountry "CAN"]

1. e4 c5 2. Nf3 d6 3. d4 cxd4 4. Nxd4 Nf6 5. Nc3 g6 6. f4 Nbd7 7. Qf3 Bg7 8.
Be3 a6 9. a4 O-O 10. Bd3 Qc7 11. O-O Nb6 12. Nb3 Ng4 13. Bd2 Be6 14. h3 Nf6 15.
f5 Bc4 16. Kh1 Nbd7 17. Nd4 Ne5 18. Qe2 Nh5 19. Be1 Nxd3 20. cxd3 Bxd4 21. dxc4
Bxc3 22. bxc3 Rfc8 23. g4 Nf6 24. g5 Nh5 25. Rd1 Qxc4 26. Qf3 Qxa4 27. fxg6
fxg6 28. Qf7+ Kh8 29. Rd4 Qb5 30. h4 Qe2 31. c4 Rf8 32. Qxf8+ Rxf8 33. Rxf8+
Kg7 34. Rf2 Qxe1+ 35. Kg2 Qe3 36. Rdd2 Nf4+ 37. Kh1 Qxe4+ 38. Kh2 Qe3 39. c5
dxc5 40. h5 Qh3+ 41. Kg1 Qg4+ 42. Kf1 Nxh5 43. Rg2 Qf3+ 44. Ke1 Nf4 45. Rgf2
Qe4+ 0-1

[Event "North American-ch U20"]
[Site "Kitchener CAN"]
[Date "2014.08.01"]
[Round "4.1"]
[White "Bora, Safal"]
[Black "Chandra, Akshat"]
[Result "0-1"]
[WhiteElo "2244"]
[BlackElo "2442"]
[PlyCount "116"]
[EventDate "2014.07.31"]
[EventType "swiss"]
[EventRounds "9"]
[EventCountry "CAN"]

1. Nf3 Nf6 2. g3 d5 3. Bg2 c6 4. O-O Bg4 5. d4 e6 6. Nbd2 Be7 7. Re1 O-O 8. e4
c5 9. exd5 Nxd5 10. dxc5 Nd7 11. c6 bxc6 12. Nc4 Bf6 13. c3 Qc7 14. Qc2 Bf5 15.
Qe2 Rad8 16. Bg5 Bxg5 17. Nxg5 h6 18. Ne4 Bg6 19. Rad1 N7b6 20. Rd2 Nxc4 21.
Qxc4 Bxe4 22. Bxe4 Nb6 23. Qe2 Rxd2 24. Qxd2 Rd8 25. Qe2 c5 26. b3 Kf8 27. Rd1
Rxd1+ 28. Qxd1 Ke7 29. Kf1 Qe5 30. Qd3 c4 31. bxc4 Qc5 32. Bf3 Qxc4 33. Qxc4
Nxc4 34. Ke2 Kd6 35. Kd1 Kc5 36. Kc2 f5 37. Be2 Nd6 38. Kd3 g5 39. f3 e5 40.
Bd1 e4+ 41. fxe4 fxe4+ 42. Kd2 Kd5 43. Bh5 Ke5 44. Bg6 Kf6 45. Bh5 Kf5 46. Ke3
g4 47. h4 gxh3 48. Kf2 Nc4 49. Kg1 e3 50. Kh2 Ke4 51. Be2 Na3 52. Kxh3 Nb1 53.
c4 Nc3 54. c5 Kd5 55. Bd3 e2 56. Bxe2 Nxe2 57. g4 Kxc5 58. Kh4 Nf4 0-1

[Event "North American-ch U20"]
[Site "Kitchener CAN"]
[Date "2014.08.01"]
[Round "4.3"]
[White "Sohal, Tanraj"]
[Black "Calugar, Arthur"]
[Result "1-0"]
[WhiteElo "2186"]
[BlackElo "2295"]
[PlyCount "59"]
[EventDate "2014.07.31"]
[EventType "swiss"]
[EventRounds "9"]
[EventCountry "CAN"]

1. d4 Nf6 2. c4 g6 3. Nc3 d5 4. cxd5 Nxd5 5. e4 Nxc3 6. bxc3 Bg7 7. Be3 O-O 8.
Qd2 c5 9. Rc1 Qa5 10. Nf3 Nc6 11. d5 Rd8 12. Bd3 e6 13. c4 Nb4 14. Bb1 Bb2 15.
O-O Bxc1 16. Rxc1 Nc6 17. Qb2 Nd4 18. Nxd4 cxd4 19. Qxd4 Re8 20. Qe5 Qd8 21.
Bg5 exd5 22. Qf4 Qb6 23. cxd5 Bd7 24. h4 Rac8 25. Rxc8 Rxc8 26. Bd3 Qc5 27. Qf6
Qc3 28. e5 Re8 29. f4 Qe1+ 30. Kh2 1-0

[Event "North American-ch U20"]
[Site "Kitchener CAN"]
[Date "2014.08.01"]
[Round "4.4"]
[White "Kats, Alena"]
[Black "Song, Edward"]
[Result "0-1"]
[WhiteElo "2126"]
[BlackElo "2258"]
[PlyCount "76"]
[EventDate "2014.07.31"]
[EventType "swiss"]
[EventRounds "9"]
[EventCountry "CAN"]

1. e4 e5 2. Nf3 Nc6 3. Bb5 a6 4. Ba4 Nf6 5. O-O Be7 6. Re1 b5 7. Bb3 d6 8. c3
O-O 9. h3 Bb7 10. d4 Re8 11. Nbd2 Bf8 12. Bc2 Nb8 13. a4 Nbd7 14. Bd3 c6 15.
Nf1 g6 16. Ng3 Bg7 17. Qb3 Qc7 18. Bd2 Rac8 19. axb5 cxb5 20. Rac1 Nb6 21. Qa2
Nc4 22. Bg5 h6 23. Be3 Nxe3 24. fxe3 d5 25. exd5 e4 26. Ne5 Bxd5 27. c4 exd3
28. cxd5 d2 29. Rxc7 dxe1=Q+ 30. Kh2 Rxc7 31. d6 Rd7 32. Qxa6 Nh5 33. Nxh5
Bxe5+ 34. dxe5 gxh5 35. Qc6 Rdd8 36. d7 Re6 37. Qc7 Rxd7 38. Qxd7 Qxe3 0-1

[Event "North American-ch U20"]
[Site "Kitchener CAN"]
[Date "2014.08.01"]
[Round "4.6"]
[White "Kleinman, Michael"]
[Black "Itkin, David"]
[Result "1-0"]
[WhiteElo "2278"]
[BlackElo "2096"]
[PlyCount "67"]
[EventDate "2014.07.31"]
[EventType "swiss"]
[EventRounds "9"]
[EventCountry "CAN"]

1. e4 d5 2. exd5 Nf6 3. h3 Nxd5 4. d4 g6 5. Nf3 Bg7 6. Be2 O-O 7. c4 Nb6 8. Nc3
Nc6 9. Be3 e5 10. d5 Ne7 11. g4 f5 12. Qb3 Kh8 13. O-O-O Nd7 14. Kb1 f4 15. Bc1
Nc5 16. Qc2 a5 17. Nd2 b6 18. Bf3 Bb7 19. Nde4 Nxe4 20. Nxe4 Rb8 21. h4 Nc8 22.
g5 Nd6 23. h5 Nxe4 24. Bxe4 Qxg5 25. h6 Bc8 26. hxg7+ Kxg7 27. Rdg1 Qf6 28.
Rxh7+ Kxh7 29. Rxg6 Qf5 30. Re6 Bxe6 31. dxe6 Kg6 32. e7 Rf7 33. Bxf5+ Rxf5 34.
Qd3 1-0

[Event "North American-ch U20"]
[Site "Kitchener CAN"]
[Date "2014.08.01"]
[Round "4.7"]
[White "Tang, Andrew"]
[Black "Peng, Jackie"]
[Result "1-0"]
[WhiteElo "2258"]
[BlackElo "2015"]
[PlyCount "97"]
[EventDate "2014.07.31"]
[EventType "swiss"]
[EventRounds "9"]
[EventCountry "CAN"]

1. d4 Nf6 2. c4 g6 3. Nc3 Bg7 4. e4 d6 5. f3 O-O 6. Nge2 e5 7. dxe5 dxe5 8.
Qxd8 Rxd8 9. Nd5 Na6 10. Bg5 Rd6 11. O-O-O Nxd5 12. cxd5 f6 13. Be3 Bd7 14. Nc3
Be8 15. Nb5 Rdd8 16. Bc4 Bxb5 17. Bxb5 Nb8 18. h4 Nd7 19. Bc4 Kh8 20. Kb1 Bf8
21. h5 g5 22. g3 Bd6 23. Bf1 a5 24. Rc1 b6 25. Rc6 Kg7 26. h6+ Kf7 27. Bh3 Nb8
28. Rc4 Na6 29. Bf5 Rh8 30. Rc6 Nb8 31. Rcc1 Na6 32. Rhg1 Bf8 33. Rh1 Bd6 34.
Rcg1 Bc5 35. Bxc5 Nxc5 36. f4 Ke7 37. fxg5 fxg5 38. b3 Nb7 39. Rc1 Nc5 40. Rc3
Raf8 41. a3 Rf6 42. b4 axb4 43. axb4 Na6 44. g4 Kd6 45. Rhc1 Ra8 46. Ra3 Rff8
47. Rc6+ Ke7 48. b5 Nc5 49. Rxc7+ 1-0

[Event "North American-ch U20"]
[Site "Kitchener CAN"]
[Date "2014.08.01"]
[Round "4.8"]
[White "Cormier, Adam"]
[Black "Song, Michael"]
[Result "0-1"]
[WhiteElo "2019"]
[BlackElo "2252"]
[PlyCount "52"]
[EventDate "2014.07.31"]
[EventType "swiss"]
[EventRounds "9"]
[EventCountry "CAN"]

1. d4 d6 2. Nf3 Bg4 3. Nbd2 Nd7 4. h3 Bh5 5. g3 e6 6. Bg2 Ngf6 7. O-O d5 8. c4
c6 9. b3 Be7 10. Bb2 O-O 11. Ne5 Nxe5 12. dxe5 Nd7 13. g4 Bg6 14. e4 Nc5 15.
exd5 cxd5 16. cxd5 exd5 17. Bd4 Ne6 18. Nf3 Nf4 19. Qd2 Nxg2 20. Kxg2 Be4 21.
Kg3 f5 22. exf6 Bd6+ 23. Kg2 Rxf6 24. Qg5 Bxf3+ 25. Kg1 Rf7 26. Qh5 g6 0-1

[Event "North American-ch U20"]
[Site "Kitchener CAN"]
[Date "2014.08.01"]
[Round "4.9"]
[White "Cao, Jason"]
[Black "Virkud, Apurva"]
[Result "1-0"]
[WhiteElo "2177"]
[BlackElo "1954"]
[PlyCount "63"]
[EventDate "2014.07.31"]
[EventType "swiss"]
[EventRounds "9"]
[EventCountry "CAN"]

1. e4 c5 2. Nf3 d6 3. d4 cxd4 4. Nxd4 Nf6 5. Nc3 a6 6. Be3 e6 7. f3 b5 8. Qd2
Nbd7 9. g4 Nb6 10. a4 b4 11. Na2 Nxa4 12. Nxb4 Nc5 13. Be2 Bb7 14. Nbc6 Qc7 15.
Na5 h6 16. Qc3 Qc8 17. Nxb7 Qxb7 18. b4 Ncd7 19. O-O d5 20. b5 Bc5 21. bxa6 Qc7
22. Nb5 Qb6 23. Bxc5 Nxc5 24. e5 Nfd7 25. Nd6+ Ke7 26. Kg2 Rhb8 27. a7 Rd8 28.
Rfb1 Qc7 29. Rb7 Qxb7 30. Nxb7 Nxb7 31. Qc7 Nbc5 32. Bb5 1-0